| 000 | 00667nam a22002177a 4500 | ||
|---|---|---|---|
| 003 | OSt | ||
| 005 | 20251106040931.0 | ||
| 008 | 251106b |||||||| |||| 00| 0 eng d | ||
| 020 | _a978-0-470-73643-2 | ||
| 040 |
_aDWC-Main Lib. _cOC |
||
| 082 | _aCirc. 641.563 D735g 2010 | ||
| 100 | _aDOUGLAS, LEAH | ||
| 245 |
_aThe gourmet pregnancy/ _cLEAH DOUGLAS |
||
| 260 |
_aCanada : _bJohn Wiley & Sons, _cc2010. |
||
| 300 |
_avii, 216 pages : _bcolor illustrations ; _c22 cm. |
||
| 504 | _aIndex: pp. 208-216 | ||
| 650 | _a1. Pregnancy--Nutritional aspects. | ||
| 650 | _a2. Cookery. | ||
| 650 | _a3. Mothers--Nutrition. | ||
| 942 |
_2ddc _cBK-CIRC _hCirc. _n0 |
||
| 999 |
_c5561 _d5561 |
||